000 00214nmm a2200085Ia 4500
008 150209s2015||||xx |||||||||||||||||und||
100 _aKARTHIKEYAN, D
245 _aSTEP BY STEP CROSS-SECTIONAL ANATOMY
942 _2ddc
_cCD
999 _c5995
_d5995